| 000 | 00388nam a2200157Ia 4500 | ||
|---|---|---|---|
| 008 | 230711s9999||||xx |||||||||||||| ||und|| | ||
| 041 | _aENG | ||
| 082 |
_a720 _bPU-M |
||
| 100 | _aPuri,BB | ||
| 245 | 0 | _aMass scale housing for hot climate | |
| 250 | _a1st Ed. | ||
| 260 |
_c1993 _aNew Delhi _bOxford & IBH Publishing Co.Pvt.Ltd. |
||
| 300 | _a118 | ||
| 650 | _aArchitecture | ||
| 942 | _cBK | ||
| 999 |
_c2172 _d2172 |
||